| 000 | 00776nam a2200289 i 4500 | ||
|---|---|---|---|
| 999 |
_c3746 _d3746 |
||
| 001 | 332738 | ||
| 003 | OSt | ||
| 005 | 20200124161632.0 | ||
| 008 | 750829s1973 enka b 001 0 eng | ||
| 010 | _a 75323078 | ||
| 015 | _aGB*** | ||
| 020 | _a058225972x | ||
| 040 |
_aDLC _cDLC _dDLC |
||
| 050 | 0 | 0 |
_aQA805 _b.K5 1973b |
| 082 | 0 | 0 | _a531 KIB 1998 |
| 100 | 1 |
_aKibble, T. W. B.; Berkshire, F. H. _98260 |
|
| 245 | 1 | 0 | _aClassical Mechanics |
| 250 | _a4th ed. | ||
| 260 |
_aLondon ; _bMcGraw Hill, _c1998. |
||
| 300 |
_axii, 254 p. : _bill. ; _c24 cm. |
||
| 490 | 0 | _aEuropean physics series | |
| 500 | _aIncludes index. | ||
| 504 | _aIncludes Bibliography | ||
| 650 | 0 |
_aMechanics _98036 |
|
| 906 |
_a7 _bcbc _corignew _d3 _encip _f19 _gy-gencatlg |
||
| 942 |
_2ddc _cSLOAN |
||